000 01164nam a22001697a 4500
005 20260123085658.0
008 230715b ||||| |||| 00| 0 eng d
040 _cSSBUL
_dSSBUL
082 _223
_a၈၉၅.၈၅ နိုင် ၁၆၁၁၉ (S-SAT)
245 _aနိင်ငံတော်ငြိမ်ဝပ် ပိပြား‌မှု တည်ဆောက်ရေးအဖွဲ့ဥက္ကဌတပ်မတော်ကာကွယ်ရေးဦးစီးချုပ် ဗိုလ်မှူးကြီးစောမောင်.../
260 _aရန်ကုန်၊
_bကြေးမုံသတင်းစာတိုက်၊
_c၁၉၉၀။
300 _a၃၁၀ စာမျက်နှာ၊
_bဓာတ်ပုံများ၊
_c၂၃ စင်တီ။
500 _aS-SAT: Dr. Prof Sai Aung Tun
650 _aမိန့်ခွန်း
_vဗိုလ်ချုပ်မှူးကြီးစောမောင်။
_928056
650 _aနိုင်ငံတော်ငြမ်ဝပ်ပိပြားမှု တည်ဆောက်ရေးအဖွဲ့။
_928057
942 _2ddc
_cBK1
999 _c27253
_d27253